La peste
Gorde:
| Egile nagusia: | |
|---|---|
| Formatua: | Liburua |
| Hizkuntza: | gaztelania |
| Argitaratua: |
Santiago
Andrés Bello
1983
|
| Saila: | Club de lectores Andrés Bello, 54
|
| Gaiak: | |
| Etiketak: |
Etiketa erantsi
Etiketarik gabe, Izan zaitez lehena erregistro honi etiketa jartzen!
|
MARC
| LEADER | 00000nam a2200000 a 4500 | ||
|---|---|---|---|
| 001 | UCV9385 | ||
| 003 | CL-VaPUC | ||
| 008 | 920827e19830000CL |||||||||||||||||spa|d | ||
| 082 | 0 | 4 | |a 843 |b CAM |2 21 |
| 100 | 0 | |a Camus, Albert |e author |9 303390 | |
| 245 | 1 | 3 | |a La peste |
| 300 | |a 277 p | ||
| 942 | |c BK | ||
| 945 | |d 19920827 00:00:00 | ||
| 260 | |a Santiago |b Andrés Bello |c 1983 | ||
| 650 | 0 | |a Novela francesa |9 264985 | |
| 583 | |a last modification |c 19920827 00:00:00 |k Rodrigo Vera | ||
| 490 | 0 | |a Club de lectores Andrés Bello, 54 | |
| 999 | |c 214731 |d 214729 | ||
| 952 | |0 0 |1 0 |4 0 |6 843_000000000000000_CAM_1983 |7 0 |8 A |9 198403 |a BIBARQ |b BIBARQ |d 2019-11-14 |i 2658771 |l 1 |o 843 CAM 1983 |p 2658771 |r 2025-01-20 |s 2023-06-09 |w 2019-11-14 |y BK |k ARQ | ||